Riddles #1 - Statistics

General Stats
  • This quiz has been taken 730 times
  • The average score is 6 of 10
Answer Stats
Hint Answer % Correct
How many tomatoes are growing on a vine. The vine is 8 feet long, a tomato grows every 20 centimeters on the vine and the first meter of the vine doesn't grow any tomatoes. How many vegetables are growing on the vine? None
94%
There are three doors. One has sunlight so powerful it will kill you. The second has a deadly poison, and the third will immediately kill you if you open it. Which door should you choose? #1
85%
How much dirt is in a hole 5 feet long, 8 feet wide and 4 feet deep? None
72%
If you are born on february 29 and you die at age 100, how old are you? 100
65%
What has holes but can still hold water? A sponge
55%
What begins with an “e” and only contains one letter? An envelope
47%
What do you have to break before you can use it? An egg
44%
What question can you never answer yes to? Are you dead?
39%
What can you break, even if you never pick it up or touch it? A promise
38%
What has four wheels and flies? A garbage truck
18%
No matching quizzes found
Score Distribution
Percent of People with Each Score
Percentile by Number Answered
Your Score History
You have not taken this quiz